Score 0/24 Timer 03:00
8 Plays Today
Question and Number Actual is Over or Under % Correct
Highest score in Blackjack: 20???
81%
Sales, in millions, of Wii Sports: 51???
74.6%
Differently shaped Tetris pieces: 5???
74.4%
Highest ever Frogger score: 257,752???
74.4%
Pokémon species (Gen. 1): 100???
73.7%
Categories in Trivial Pursuit: 10???
72.2%
Possible Magic 8 Ball answers: 24???
69.7%
Grid locations in Battleship: 81???
67.8%
Character classes in AD&D: 6???
65.9%
Buttons on an N64 controller: 12???
65.6%
Pieces per Chess side: 20???
65.3%
Coins for extra life in Super Mario Bros.: 250???
64%
Question and Number Actual is Over or Under % Correct
Lanes in widest OutRun road: 4???
63.6%
Properties on a Monopoly board: 40???
61.2%
Dots on an original Pac-Man board: 360???
60.8%
Original Civilizations in Civ5: 28???
59.1%
Levels in the original Doom: 40???
58.7%
NFL season used in Tecmo Super Bowl: 1994???
57%
Video games in which Mario has appeared: 67???
56.3%
Songs in original Guitar Hero: 35???
56.1%
Tomb Raider video games: 7???
53.9%
Buttons on an Atari 2600 controller: 4???
53.6%
Year Pong was released: 1975???
49.2%
Spaces in Candyland path: 96???
47.1%

You're not logged in!

Compare scores with friends on all Sporcle quizzes.
OR
Log In

Sporcle TV

Today on Sporcle TV


Watch our educational content, quiz creation guides, and fun videos on Sporcle TV.

Show Comments

Extras

Top Quizzes Today


Score Distribution

Paid Content

Your Account Isn't Verified!

In order to create a playlist on Sporcle, you need to verify the email address you used during registration. Go to your Sporcle Settings to finish the process.

Report this User

Report this user for behavior that violates our Community Guidelines.

Details: